WWW.IMAGING
| Main Author: | |
|---|---|
| Other Authors: | |
| Format: | Book |
| Published: |
Uk :
Cassell&co ,
2002
|
| Subjects: |
MARC
| LEADER | 00000cam a2200000 7i4500 | ||
|---|---|---|---|
| 001 | 0000011736 | ||
| 005 | 20050418.0 | ||
| 020 | |a 030436195x | ||
| 040 | |a INS | ||
| 090 | 0 | 0 | |a TK5105.888 |b N483 2001 |
| 100 | 1 | |a Nichols, Robin | |
| 245 | 1 | 0 | |a WWW.IMAGING |c Robin Nichols |
| 260 | |a Uk : |b Cassell&co , |c 2002 | ||
| 300 | |a 192p : |b 25cm | ||
| 650 | 0 | 0 | |a Computer graphics |
| 650 | 0 | 0 | |a Websites |x design |
| 700 | 1 | |a Andrews, Philip | |
| 999 | |a 0000011890 |b BOOK |c Open Shelf |e Default branch | ||